Anniversary Gifts (U.S.) - Statistics

General Stats
  • This quiz has been taken 39,947 times
    8,459 since last reset
  • The average score is 10 of 24
Answer Stats
Anniversary Gift % Correct
50 Gold
77%
25 Silver
77%
60, 75 Diamond
73%
1 Paper
67%
40 Ruby
60%
5 Wood
60%
7 Wool, copper
55%
55 Emerald
53%
4 Fruit and flowers
52%
45 Sapphire
51%
10 Tin, aluminum
51%
8 Bronze
50%
2 Cotton
42%
6 Iron
42%
30 Pearl
39%
12 Silk
34%
11 Steel
33%
20 Porcelain
30%
3 Leather
27%
15 Crystal
22%
14 Ivory
17%
13 Lace
17%
35 Coral
11%
9 Pottery
11%
No matching quizzes found
Score Distribution
Percent of People with Each Score
Percentile by Number Answered
Your Score History
You have not taken this quiz since the last reset